[Event "GER-chT U20"]
[Site "Duesseldorf"]
[Date "2017.12.27"]
[Round "1.3"]
[White "Lueckerath, Moritz"]
[Black "Riehle, Marco"]
[Result "0-1"]
[WhiteElo "1867"]
[BlackElo "2280"]
[PlyCount "68"]
[EventDate "2017.12.27"]
[EventType "team-swiss"]
[EventRounds "7"]
[EventCountry "GER"]
[SourceTitle "CBM 182 Extra"]
[Source "ChessBase"]
[SourceDate "2018.02.23"]
[SourceVersion "1"]
[SourceVersionDate "2018.02.23"]
[SourceQuality "1"]
[WhiteTeam "Duesseldorf U20"]
[BlackTeam "Sasbach U20"]
[WhiteTeamCountry "GER"]
[BlackTeamCountry "GER"]

1. e4 e5 2. Nf3 Nc6 3. Bb5 a6 4. Ba4 Nf6 5. d4 exd4 6. 0-0 b5 7. Bb3 Bc5 8. e5 Ng4 9. h3 Ngxe5 10. Nxe5 Nxe5 11. Bf4 Ng6 12. Re1+ Be7 13. Qf3 Bb7 14. Qxb7 Nxf4 15. Qe4 Ng6 16. f4 d6 17. Qc6+ Kf8 18. a4 bxa4 19. Rxa4 h5 20. Rxd4 Bf6 21. Ra4 Ne7 22. Qc4 d5 23. Qc5 g6 24. Nc3 c6 25. Rxe7 Qxe7 26. Qxc6 Kg7 27. Qxd5 Rad8 28. Qf3 Rhe8 29. Ne4 Bd4+ 30. Rxd4 Rxd4 31. Ng5 Qe1+ 32. Kh2 Rd1 33. Qb7 Re7 34. Qxa6 h4 0-1

[Event "Dortmund Sparkassen op-B"]
[Site "Dortmund"]
[Date "2015.06.30"]
[Round "4"]
[White "Lueckerath, Moritz"]
[Black "Linke, Michael"]
[Result "1/2-1/2"]
[WhiteElo "1823"]
[BlackElo "1762"]
[PlyCount "51"]
[EventDate "2015.06.27"]
[EventType "swiss"]
[EventRounds "9"]
[EventCountry "GER"]
[SourceTitle "CBM 167 Extra"]
[Source "ChessBase"]
[SourceDate "2015.09.14"]
[SourceVersion "1"]
[SourceVersionDate "2015.09.14"]
[SourceQuality "1"]

1. e4 e6 2. d4 d5 3. Nc3 dxe4 4. Nxe4 Bd7 5. Nf3 Bc6 6. Bd3 Nd7 7. 0-0 Ngf6 8. Nxf6+ Nxf6 9. c3 Bxf3 10. Qxf3 Qd5 11. Qg3 Bd6 12. Qg5 Qxg5 13. Bxg5 Nd5 14. Be4 c6 15. c4 Nf4 16. c5 Bc7 17. Bxf4 Bxf4 18. b4 0-0-0 19. Rfd1 Rd7 20. b5 cxb5 21. c6 bxc6 22. Bxc6 Rd6 23. Bxb5 Rhd8 24. g3 Rb6 25. Bc4 Bg5 26. d5 1/2-1/2

[Event "GER-chT U16"]
[Site "Magdeburg"]
[Date "2014.12.30"]
[Round "7.4"]
[White "Wastian, Jan"]
[Black "Lueckerath, Moritz"]
[Result "1/2-1/2"]
[WhiteElo "1771"]
[BlackElo "1727"]
[PlyCount "103"]
[EventDate "2014.12.27"]
[EventType "team-swiss"]
[EventRounds "7"]
[EventCountry "GER"]
[SourceTitle "EXT 2016"]
[Source "ChessBase"]
[SourceDate "2015.10.08"]
[SourceVersion "1"]
[SourceVersionDate "2015.10.08"]
[SourceQuality "1"]
[WhiteTeam "Brackel"]
[BlackTeam "Duesseldorf"]
[WhiteTeamCountry "GER"]
[BlackTeamCountry "GER"]

1. e4 e5 2. Nf3 d6 3. d4 exd4 4. Nxd4 Nf6 5. Nc3 Be7 6. Bc4 0-0 7. 0-0 c6 8. a4 a5 9. Bf4 Re8 10. Re1 Bf8 11. h3 Nbd7 12. Nf3 Nc5 13. Ng5 Ne6 14. Qf3 h6 15. Nxe6 Bxe6 16. Bf1 Qb6 17. b3 Qb4 18. Rad1 d5 19. e5 Nd7 20. Qg3 Kh8 21. Bd2 Qb6 22. Bd3 Bc5 23. Rf1 Bd4 24. Kh1 Nxe5 25. Be2 Bf5 26. f4 Ng6 27. Bd3 Bxd3 28. Qxd3 Be3 29. f5 Nf8 30. Rf3 Bxd2 31. Qxd2 Re5 32. f6 g5 33. h4 Nd7 34. hxg5 hxg5 35. Rdf1 Rae8 36. Rh3+ Kg8 37. Rg3 Nxf6 38. Rxg5+ Kf8 39. Rxe5 Rxe5 40. Qh6+ Kg8 41. Rxf6 Re1+ 42. Kh2 Qg1+ 43. Kg3 Re3+ 44. Rf3 Qe1+ 45. Kh2 Rxc3 46. Qg5+ Kf8 47. Qd8+ Kg7 48. Qg5+ Kf8 49. Qh6+ Kg8 50. Qg5+ Kf8 51. Qd8+ Kg7 52. Qf6+ 1/2-1/2

[Event "GER-chT U16"]
[Site "Magdeburg"]
[Date "2014.12.28"]
[Round "3.4"]
[White "Tiedemann, Fin Niklas"]
[Black "Lueckerath, Moritz"]
[Result "0-1"]
[WhiteElo "1820"]
[BlackElo "1727"]
[PlyCount "60"]
[EventDate "2014.12.27"]
[EventType "team-swiss"]
[EventRounds "7"]
[EventCountry "GER"]
[SourceTitle "EXT 2016"]
[Source "ChessBase"]
[SourceDate "2015.10.08"]
[SourceVersion "1"]
[SourceVersionDate "2015.10.08"]
[SourceQuality "1"]
[WhiteTeam "Luebeck"]
[BlackTeam "Duesseldorf"]
[WhiteTeamCountry "GER"]
[BlackTeamCountry "GER"]

1. e4 c5 2. Nc3 a6 3. g3 b5 4. Bg2 Bb7 5. d3 b4 6. Nce2 e6 7. f4 d5 8. Be3 dxe4 9. Bxe4 Bxe4 10. dxe4 Nc6 11. Nh3 Nf6 12. Nf2 h5 13. 0-0 Be7 14. c3 0-0 15. Qa4 Qb6 16. Rfd1 Qb5 17. Qxb5 axb5 18. Rd2 Na5 19. Nc1 Nc4 20. Re2 bxc3 21. bxc3 Ra3 22. Nb3 Nxe3 23. Rxe3 Rfa8 24. Nc1 c4 25. Kf1 Bc5 26. Re2 Bxf2 27. Kxf2 Rxc3 28. e5 Nd5 29. Rd2 Rca3 30. Rb1 Nc3 0-1

[Event "Gelsenkirchen Silvester op 1st"]
[Site "Gelsenkirchen"]
[Date "2013.12.29"]
[Round "4"]
[White "Hanke, Stefan"]
[Black "Lueckerath, Moritz"]
[Result "1-0"]
[WhiteElo "1990"]
[BlackElo "1716"]
[PlyCount "65"]
[EventDate "2013.12.27"]
[EventType "swiss"]
[EventRounds "5"]
[EventCountry "GER"]
[SourceTitle "EXT 2019"]
[Source "ChessBase"]
[SourceDate "2018.10.10"]
[SourceVersion "1"]
[SourceVersionDate "2018.10.10"]
[SourceQuality "1"]

1. d4 Nf6 2. c4 c5 3. d5 b5 4. Nf3 d6 5. cxb5 a6 6. b6 Nbd7 7. Nc3 g6 8. a4 Nxb6 9. a5 Nbd7 10. e4 Bg7 11. h3 0-0 12. Be2 Ne8 13. 0-0 Ne5 14. Nd2 Nc7 15. f4 Nd7 16. Nc4 Nb5 17. Na4 Nd4 18. Nab6 Rb8 19. Bd3 Qc7 20. Rb1 Nxb6 21. Nxb6 Nb5 22. Be3 e6 23. Qc1 exd5 24. exd5 Re8 25. Bf2 Nd4 26. Qc4 Qb7 27. b4 Nb5 28. Rbe1 Rxe1 29. Rxe1 Bd4 30. Re8+ Kg7 31. Bxd4+ Nxd4 32. bxc5 dxc5 33. Qxc5 1-0

[Event "Gelsenkirchen Silvester op 1st"]
[Site "Gelsenkirchen"]
[Date "2013.12.28"]
[Round "3"]
[White "Lueckerath, Moritz"]
[Black "Seppelfricke, Guido"]
[Result "0-1"]
[WhiteElo "1716"]
[BlackElo "1916"]
[PlyCount "58"]
[EventDate "2013.12.27"]
[EventType "swiss"]
[EventRounds "5"]
[EventCountry "GER"]
[SourceTitle "EXT 2019"]
[Source "ChessBase"]
[SourceDate "2018.10.10"]
[SourceVersion "1"]
[SourceVersionDate "2018.10.10"]
[SourceQuality "1"]

1. e4 c5 2. Nf3 Nc6 3. d4 cxd4 4. Nxd4 Nf6 5. Nc3 d6 6. Bg5 e6 7. Be2 Be7 8. 0-0 0-0 9. Kh1 Qb6 10. Nb3 a6 11. f4 e5 12. Bxf6 Bxf6 13. Nd5 Qd8 14. f5 Bg5 15. Qd3 Ne7 16. Nxe7+ Qxe7 17. Rf3 b5 18. Rd1 d5 19. Qxd5 Bb7 20. Qc5 Bxe4 21. Qxe7 Bxe7 22. Re3 Bxc2 23. Rd7 Bf6 24. g4 Rfd8 25. Nc5 Rxd7 26. Nxd7 Rd8 27. Nxe5 Re8 28. Nc4 Be4+ 29. Bf3 Bxf3+ 0-1